00392 a2200145 4500001000700000020001800007040002200025041001600047082001300063100003500076245006400111260004700175300001100222362001300233139007 a9788574066912 cLeonardo Da Vinci aPortuguês aI Q3bQ3 aRODRIGUES, André... [et al.] aQuem manda aqui?bum livro sobre política para crianças bCompanhia das Letrinhasc2022aSão Paulo a[48] p a20220000